000
00232nam a2200085Ia 4500
245
0
_a
Cobras : on the hunt
100
_a
RIEHECKY, Janet Mankato, Minn., 2009
_9
80595
942
_c
BK
008
210817s9999 xx 000 0 und d
999
_c
283433
_d
283431